Party system and election studies. (Record no. 79422)

MARC details
000 -LEADER
fixed length control field 00847cam a22002651 4500
001 - CONTROL NUMBER
control field sa 68003359
003 - CONTROL NUMBER IDENTIFIER
control field DLC
005 - DATE AND TIME OF LATEST TRANSACTION
control field 20260227112452.0
008 - FIXED-LENGTH DATA ELEMENTS--GENERAL INFORMATION
fixed length control field 710903s1967 ii b 000 0 eng
010 ## - LIBRARY OF CONGRESS CONTROL NUMBER
LC control number sa 68003359
040 ## - CATALOGING SOURCE
Original cataloging agency DLC
Transcribing agency DLC
Modifying agency DLC
043 ## - GEOGRAPHIC AREA CODE
Geographic area code a-ii---
050 00 - LIBRARY OF CONGRESS CALL NUMBER
Classification number JQ298.A1
Item number C4
082 00 - DEWEY DECIMAL CLASSIFICATION NUMBER
Classification number 329.9/54
110 2# - MAIN ENTRY--CORPORATE NAME
Corporate name or jurisdiction name as entry element Centre for the Study of Developing Societies.
245 10 - TITLE STATEMENT
Title Party system and election studies.
Remainder of title Contributors: Rajni Kothari [and others]
260 ## - PUBLICATION, DISTRIBUTION, ETC.
Place of publication, distribution, etc. Bombay,
Name of publisher, distributor, etc. Allied Publishers
Date of publication, distribution, etc. [1967]
300 ## - PHYSICAL DESCRIPTION
Extent ix, 294 p.
Dimensions 23 cm.
410 21 - SERIES STATEMENT/ADDED ENTRY--CORPORATE NAME [OBSOLETE, CAN/MARC], [LOCAL, USA]
Corporate name or jurisdiction name as entry element Its
Title of a work Occasional papers,
Volume number/sequential designation no. 1
500 ## - GENERAL NOTE
General note Label on t.p.: Sole distributors in the USA, Paragon Book Gallery. New York.
504 ## - BIBLIOGRAPHY, ETC. NOTE
Bibliography, etc. note Bibliographical footnotes.
650 #0 - SUBJECT ADDED ENTRY--TOPICAL TERM
Topical term or geographic name entry element Political parties
Geographic subdivision India.
650 #0 - SUBJECT ADDED ENTRY--TOPICAL TERM
Topical term or geographic name entry element Elections
Geographic subdivision India.
700 1# - ADDED ENTRY--PERSONAL NAME
Personal name Kothari, Rajni.

No items available.

Powered by Koha